Ciudades de la Región Pokémon de Teselia en el Mapa - Estadísticas

Estadísticas generales
  • Esta prueba ha sido intentada 314 veces
    310 desde el último reinicio
  • La puntuación promedio es 10 de 19
Respuestas en el mapa
Las respuestas están codificadas por una escala verde-roja en el mapa de la prueba según el % correcto abajo.
 
Estadísticas de respuestas
Respuesta % Correcto
Pueblo Arcilla
71%
Ciudad Mayólica
70%
Ciudad Porcelana
67%
Liga Pokémon
64%
Ciudad Fayenza
63%
Ciudad Caolín
60%
Ciudad Gres
58%
Ciudad Esmalte
52%
Ciudad Teja
52%
Ciudad Negra/Bosque Blanco
51%
Ciudad Hormigón
48%
Pueblo Terracota
48%
Pueblo Arenisca
46%
Ciudad Loza
45%
Ciudad Marga
42%
Ciudad Engobe
40%
Pueblo Ocre
38%
Pueblo Chamota
37%
Pueblo Ladrillo
33%
No se encontraron pruebas coincidentes
Distribución de puntuación
Porcentaje de gente con cada puntuación
Porcentaje por número respondido
Historial de tus puntuaciones
No has intentado esta prueba desde el último reinicio